[Event "XIII. DBMM 2013 "]
[Site "?"]
[Date "2013.09.26"]
[Round "1.3"]
[White "Jakob, Heinz"]
[Black "Hoffeins, Hans-Werner"]
[Result "1/2-1/2"]
[WhiteElo "1950"]
[BlackElo "1794"]
[PlyCount "80"]
[EventDate "2013.01.19"]

1. e4 d6 2. Nf3 Nd7 3. Nc3 Ngf6 4. d3 e5 5. Be2 c6 6. O-O Be7 7. a3 O-O 8. Re1
Re8 9. b4 Qc7 10. Na4 Nf8 11. c4 Ne6 12. Bb2 Nf4 13. Bc1 N6h5 14. Nd2 Nxe2+ 15.
Qxe2 Nf4 16. Qf1 Qd7 17. Nf3 Qg4 18. Bxf4 Qxf4 19. Nc3 Bg4 20. Re3 Qh6 21. Ne2
g6 22. Ng3 f5 23. exf5 gxf5 24. Ree1 Bxf3 25. gxf3 Qf4 26. Re3 Kh8 27. Qh3 Rg8
28. Kh1 Raf8 29. Ne2 Qh4 30. Qxh4 Bxh4 31. Rf1 Bg5 32. f4 exf4 33. Rf3 Rf6 34.
Nxf4 Bxf4 35. Rxf4 Re8 36. Rg1 Re2 37. Rg5 Rg6 38. Rfxf5 Rxg5 39. Rxg5 Rxf2 40.
a4 a6 1/2-1/2

[Event "XIII. DBMM 2013 "]
[Site "?"]
[Date "2013.09.26"]
[Round "1.4"]
[White "Hein, Andrea"]
[Black "Feldmann, Alfred"]
[Result "1/2-1/2"]
[WhiteElo "1449"]
[BlackElo "1434"]
[PlyCount "43"]
[EventDate "2013.01.19"]

1. d4 d5 2. c4 Nf6 3. Nf3 c6 4. e3 e6 5. Be2 Be7 6. Nc3 Nbd7 7. Bd2 b6 8. Rc1
Bb7 9. O-O O-O 10. h3 Rc8 11. Re1 a6 12. a3 c5 13. cxd5 exd5 14. Ne5 Bd6 15.
Nxd7 Qxd7 16. Na4 Rc6 17. Bf3 cxd4 18. exd4 Rfc8 19. Rxc6 Qxc6 20. Nc3 Re8 21.
Rxe8+ Qxe8 22. Qe1 1/2-1/2

[Event "XIII. DBMM 2013"]
[Site "?"]
[Date "2013.09.26"]
[Round "1.1"]
[White "Jonnek, Thomas"]
[Black "Fass, Helmut"]
[Result "1-0"]
[WhiteElo "2003"]
[BlackElo "1531"]
[PlyCount "39"]
[EventDate "2013.01.19"]

1. d4 Nf6 2. g3 d5 3. Bg2 e6 4. Nf3 Be7 5. O-O O-O 6. c4 c6 7. Nc3 Nbd7 8. b3
Re8 9. Bb2 Nf8 10. Re1 Ng6 11. e4 dxe4 12. Nxe4 b6 13. Ne5 Nxe5 14. Nxf6+ gxf6
15. dxe5 Bb7 16. Qxd8 Raxd8 17. exf6 Bb4 18. Red1 h6 19. Be4 Bf8 20. Be5 1-0

[Event "XIII. DBMM 2013"]
[Site "?"]
[Date "2013.09.26"]
[Round "1.2"]
[White "Hueners, Rolf"]
[Black "Wittfoth, Kai-Uve"]
[Result "1/2-1/2"]
[WhiteElo "1400"]
[BlackElo "2139"]
[PlyCount "54"]
[EventDate "2013.01.19"]

1. d4 d5 2. e3 Bf5 3. Bd3 Bg6 4. b3 e6 5. Bb2 Bb4+ 6. Bc3 Bd6 7. Nf3 Nd7 8. O-O
f5 9. Ne5 Ngf6 10. h3 Bh5 11. Qc1 O-O 12. Nd2 Ne4 13. Bb2 Ndf6 14. a3 Kh8 15.
c4 c6 16. b4 Rc8 17. Nb3 g5 18. Qe1 g4 19. f3 gxf3 20. gxf3 Ng5 21. Qh4 Rg8 22.
Kh1 Qe8 23. Nd2 Bxe5 24. dxe5 Nd7 25. Rae1 Qf7 26. Be2 Rg7 27. e4 d4 1/2-1/2

[Event "XIII. DBMM 2013"]
[Site "?"]
[Date "2013.09.26"]
[Round "1.3"]
[White "Wilkens, Lars"]
[Black "Schroeder, Wilfried"]
[Result "1-0"]
[WhiteElo "1838"]
[BlackElo "1400"]
[PlyCount "71"]
[EventDate "2013.01.19"]

1. Nf3 Nf6 2. d4 d5 3. Bf4 h6 4. e3 a6 5. c4 b6 6. Nc3 e6 7. Bd3 Bb4 8. O-O
Bxc3 9. bxc3 O-O 10. Qc2 Bb7 11. Ne5 dxc4 12. Bxc4 Nbd7 13. h3 Bd5 14. Bd3 c5
15. Rab1 b5 16. f3 Rb8 17. Nxd7 Qxd7 18. Bxb8 Rxb8 19. e4 c4 20. Be2 Bc6 21.
Qd2 Nh7 22. Qf4 Rf8 23. Qe3 f5 24. a4 f4 25. Qd2 e5 26. Rfd1 Qa7 27. Kh1 Rd8
28. axb5 axb5 29. Ra1 Qc7 30. Qa2 Nf6 31. Bxc4+ bxc4 32. Qxc4+ Kh7 33. d5 Nxe4
34. Qxe4+ Kg8 35. dxc6 Rxd1+ 36. Rxd1 1-0

[Event "XIII. DBMM 2013"]
[Site "?"]
[Date "2013.09.26"]
[Round "1.4"]
[White "Waltz, Juergen"]
[Black "Steinkraus, Hans-Guenter"]
[Result "0-1"]
[WhiteElo "1400"]
[BlackElo "1657"]
[PlyCount "38"]
[EventDate "2013.01.19"]

1. b3 e5 2. Bb2 d6 3. e3 Nf6 4. Nf3 Be7 5. Be2 Bd7 6. c4 c5 7. Nc3 Nc6 8. e4
Nd4 9. Nxd4 cxd4 10. Nd5 Nxe4 11. O-O Nf6 12. Re1 Nxd5 13. cxd5 Qa5 14. Bf3 Rc8
15. a3 O-O 16. d3 Bg5 17. Re2 Kh8 18. b4 Qa6 19. g3 Bb5 0-1

[Event "XIII. DBMM 2013"]
[Site "?"]
[Date "2013.09.26"]
[Round "1.1"]
[White "Seeger, Ruediger"]
[Black "Urban, Ralf-Dieter"]
[Result "1/2-1/2"]
[WhiteElo "2393"]
[BlackElo "2057"]
[PlyCount "45"]
[EventDate "2013.01.19"]

1. e4 e5 2. Nf3 Nc6 3. d4 exd4 4. Nxd4 Bc5 5. Nxc6 Qf6 6. Qf3 Qxf3 7. gxf3 bxc6
8. Nd2 d5 9. Nb3 Bd6 10. Be3 Ne7 11. Bd4 f6 12. O-O-O Be6 13. Nc5 Bf7 14. Bh3
O-O 15. Kb1 Ng6 16. Nb7 Be5 17. Na5 Nf4 18. Bd7 Bxd4 19. Rxd4 c5 20. Rdd1 Bh5
21. Bc6 Rad8 22. Bxd5+ Kh8 23. Bc4 1/2-1/2

[Event "XIII. DBMM 2013"]
[Site "?"]
[Date "2013.09.26"]
[Round "1.2"]
[White "Supplieth, Joerg"]
[Black "Gikas, Andreas Basilius"]
[Result "0-1"]
[WhiteElo "1730"]
[BlackElo "2187"]
[PlyCount "42"]
[EventDate "2013.01.19"]

1. e4 Nf6 2. Nc3 e5 3. Nf3 Nc6 4. Bc4 Bb4 5. d3 d5 6. exd5 Nxd5 7. Bd2 Bxc3 8.
bxc3 Bg4 9. h3 Bh5 10. Qe2 O-O 11. Qe4 Nf6 12. Qh4 Bxf3 13. gxf3 Ne7 14. Rg1
Ng6 15. Qg3 Kh8 16. Be3 Qd7 17. h4 Qc6 18. Kd2 Rad8 19. Bb3 a5 20. a4 Rd7 21.
Bc4 Qxc4 0-1

[Event "XIII. DBMM 2013"]
[Site "?"]
[Date "2013.09.26"]
[Round "1.3"]
[White "Dehmel, Jens"]
[Black "Schroeder, Kai"]
[Result "1/2-1/2"]
[WhiteElo "2091"]
[BlackElo "1786"]
[PlyCount "62"]
[EventDate "2013.01.19"]

1. d4 e6 2. e4 d5 3. Nc3 dxe4 4. Nxe4 Bd7 5. Nf3 Bc6 6. Bd3 Nd7 7. Qe2 Ngf6 8.
Nxf6+ Nxf6 9. Bg5 Be7 10. O-O-O Bxf3 11. Qxf3 Qd5 12. Qxd5 Nxd5 13. Bxe7 Nxe7
14. Be4 O-O-O {(R)} 15. Rhe1 Rhe8 16. Re3 h5 17. h4 g6 18. c3 Nf5 19. Bxf5 exf5
20. Rde1 Rxe3 21. Rxe3 Kd7 22. Kc2 Kd6 23. c4 c6 24. Kc3 b5 25. b4 Ra8 26. Re5
a5 27. c5+ Kd7 28. Re2 axb4+ 29. Kxb4 Ra4+ 30. Kc3 Ra3+ 31. Kb4 Ra4+ 1/2-1/2

[Event "XIII. DBMM 2013"]
[Site "?"]
[Date "2013.09.26"]
[Round "1.4"]
[White "Basteck, Reiner"]
[Black "Seyl, Frank"]
[Result "1/2-1/2"]
[WhiteElo "1670"]
[BlackElo "1978"]
[PlyCount "46"]
[EventDate "2013.01.19"]

1. d4 c5 2. Nf3 cxd4 3. Nxd4 d5 4. g3 Nf6 5. Bg2 e5 6. Nb3 Nc6 7. O-O Be6 8.
Bg5 Be7 9. Nc3 d4 10. Bxf6 gxf6 11. Ne4 Bd5 12. Rc1 f5 13. Ned2 Bxg2 14. Kxg2
O-O 15. c3 dxc3 16. Rxc3 Qd5+ 17. Nf3 Rfd8 18. Qxd5 Rxd5 19. Rfc1 Rad8 20. e3
Kg7 21. h4 Kf6 22. a3 a5 23. Nc5 e4 1/2-1/2

[Event "XIII. DBMM 2013"]
[Site "?"]
[Date "2013.09.26"]
[Round "1.1"]
[White "Mueller, Ralf"]
[Black "Eisermann, Daniel"]
[Result "1-0"]
[WhiteElo "2395"]
[BlackElo "1941"]
[PlyCount "49"]
[EventDate "2013.01.19"]

1. d4 d5 2. c4 c6 3. Nf3 Nf6 4. Nc3 e6 5. Bg5 dxc4 6. a4 h6 7. Bxf6 Qxf6 8. e3
Bb4 9. Bxc4 O-O 10. O-O Bxc3 11. bxc3 c5 12. Ne5 cxd4 13. cxd4 Nd7 14. f4 Nxe5
15. fxe5 Qe7 16. Qf3 Rb8 17. Qe4 b6 18. Bd3 g6 19. Rf6 Kh7 20. Raf1 Rb7 21.
Rxg6 fxg6 22. Qxg6+ Kh8 23. Qxh6+ Kg8 24. Bh7+ Qxh7 25. Rxf8# 1-0

[Event "XIII. DBMM 2013"]
[Site "?"]
[Date "2013.09.26"]
[Round "1.2"]
[White "Mayer, Herbert"]
[Black "Scharrer, Udo"]
[Result "1/2-1/2"]
[WhiteElo "1992"]
[BlackElo "2036"]
[PlyCount "36"]
[EventDate "2013.01.19"]

1. f4 d5 2. e3 g6 3. b3 Bg7 4. Nc3 Nf6 5. Nf3 O-O 6. Bb2 Ne4 7. Bd3 Nd6 8. O-O
c6 9. Ne5 Bf5 10. Bxf5 Nxf5 11. Ne2 Nd7 12. Nxd7 Qxd7 13. Bxg7 Nxg7 14. Rf3
Rae8 15. Qe1 e5 16. fxe5 Rxe5 17. Qg3 Re7 18. Raf1 f5 1/2-1/2

[Event "XIII. DBMM 2013"]
[Site "?"]
[Date "2013.09.26"]
[Round "1.3"]
[White "Bangert, Udo"]
[Black "Mueller, Gerd"]
[Result "1-0"]
[WhiteElo "1895"]
[BlackElo "1809"]
[PlyCount "27"]
[EventDate "2013.01.19"]

1. e4 c5 2. Nf3 d6 3. d4 cxd4 4. Nxd4 Nf6 5. Nc3 a6 6. Be3 e5 7. Nb3 Be6 8. Be2
Nc6 9. O-O b5 10. a3 Be7 11. Qd2 d5 12. exd5 Nxd5 13. Bf3 Rc8 14. Nxd5 1-0

[Event "XIII. DBMM 2013"]
[Site "?"]
[Date "2013.09.26"]
[Round "1.4"]
[White "Riess, Bernhard"]
[Black "Keck, Gerd"]
[Result "1-0"]
[WhiteElo "1577"]
[BlackElo "1400"]
[PlyCount "71"]
[EventDate "2013.01.19"]

1. d4 d5 2. c4 e5 3. dxe5 dxc4 4. Qxd8+ Kxd8 5. e4 Nc6 6. Nf3 b5 7. Nc3 a6 8.
Be2 Nb4 9. O-O Nh6 10. Bg5+ Ke8 11. Nd5 Nxd5 12. exd5 Be7 13. Bxe7 Kxe7 14.
Rfd1 Rd8 15. Rac1 Bb7 16. b3 Bxd5 17. bxc4 Bxf3 18. Bxf3 Rab8 19. cxb5 axb5 20.
Rxc7+ Ke8 21. Bc6+ Kf8 22. Rxd8+ Rxd8 23. Bxb5 Rd1+ 24. Bf1 Ra1 25. Ra7 g6 26.
g3 Nf5 27. Kg2 Kg7 28. e6 Re1 29. exf7 Kf8 30. Bc4 Re8 31. fxe8=Q+ Kxe8 32.
Rxh7 g5 33. a4 Nd6 34. Bf1 Kf8 35. a5 Nc8 36. Rh8+ 1-0

[Event "XIII. DBMM 2013"]
[Site "?"]
[Date "2013.09.26"]
[Round "2.1"]
[White "Kosak, Robert"]
[Black "Kettenburg, Stefan"]
[Result "1-0"]
[WhiteElo "2219"]
[BlackElo "2063"]
[PlyCount "47"]
[EventDate "2013.01.19"]

1. e4 c6 2. d3 d5 3. Nd2 Nf6 4. g3 Bg4 5. f3 Bc8 6. e5 Nfd7 7. f4 e6 8. Ngf3 c5
9. Bg2 Be7 10. c4 Nc6 11. O-O O-O 12. Qe2 Re8 13. Kh1 Nf8 14. Rd1 f5 15. d4
dxc4 16. dxc5 Bxc5 17. Nxc4 Qc7 18. Be3 Bxe3 19. Qxe3 Nb4 20. Nd6 Rd8 21. Nd4
Bd7 22. Qb3 Nc6 23. N4xf5 Na5 24. Ne7+ 1-0

[Event "XIII. DBMM 2013"]
[Site "?"]
[Date "2013.09.26"]
[Round "2.2"]
[White "Koerlin, Hans-Juergen"]
[Black "Jostes, Marko"]
[Result "1-0"]
[WhiteElo "1843"]
[BlackElo "2083"]
[PlyCount "89"]
[EventDate "2013.01.19"]

1. e4 e5 2. f4 d5 3. exd5 exf4 4. Nf3 Nf6 5. Bb5+ c6 6. dxc6 Nxc6 7. d4 Bd6 8.
O-O O-O 9. c4 Bg4 10. Nc3 Bc7 11. Ne2 Nh5 12. b3 a6 13. Ba4 Rb8 14. Bxc6 bxc6
15. Bb2 f6 16. Qd3 Qd7 17. Rad1 Bf5 18. Qc3 Rfe8 19. Nc1 Re3 20. Nd3 Rbe8 21.
Bc1 Bxd3 22. Rxd3 Re2 23. Rf2 g5 24. d5 Rxf2 25. Kxf2 g4 26. dxc6 g3+ 27. hxg3
fxg3+ 28. Kf1 Qxc6 29. Rd5 Qe6 30. Nd4 Qg4 31. Qf3 Qxf3+ 32. gxf3 Nf4 33. Bxf4
Bxf4 34. Nf5 Re6 35. b4 Kf7 36. a4 h5 37. b5 axb5 38. axb5 Kg6 39. c5 Be3 40.
c6 Bf2 41. Kg2 Bb6 42. Nxg3 h4 43. Ne4 f5 44. Rd6 Rxd6 45. Nxd6 1-0

[Event "XIII. DBMM 2013"]
[Site "?"]
[Date "2013.09.26"]
[Round "2.3"]
[White "Kassner, Ralf"]
[Black "Quast, Michael"]
[Result "1-0"]
[WhiteElo "1758"]
[BlackElo "1708"]
[PlyCount "75"]
[EventDate "2013.01.19"]

1. Nf3 b6 2. g3 Bb7 3. Bg2 f5 4. d3 Nf6 5. c3 e6 6. Nbd2 Be7 7. Qc2 O-O 8. O-O
a5 9. e4 fxe4 10. Nxe4 Nxe4 11. dxe4 Na6 12. Be3 Ra7 13. Rad1 Qa8 14. Ne1 Bc6
15. e5 Bxg2 {(R)} 16. Nxg2 d5 17. exd6 Bxd6 18. Bxb6 Rb7 19. Bxa5 Rb5 20. b4
Rbf5 21. Qe2 Re5 22. Qc4 Kh8 23. Rd3 Qb7 24. Re3 Ref5 25. Qxe6 Qb5 26. c4 Qb7
27. a3 Qb8 28. Qe4 Qa7 29. Nh4 R5f6 30. Rf3 Rxf3 31. Nxf3 c5 32. Ng5 g6 33. b5
Nc7 34. Bc3+ Kg8 35. Bb2 Qb8 36. Qd3 Rf5 37. Qxd6 Qc8 38. Qe7 1-0

[Event "XIII. DBMM 2013"]
[Site "?"]
[Date "2013.09.26"]
[Round "2.4"]
[White "Warnest, Stefan"]
[Black "Seeger, Ernst"]
[Result "1/2-1/2"]
[WhiteElo "1460"]
[BlackElo "1677"]
[PlyCount "74"]
[EventDate "2013.01.19"]

1. e4 d5 2. exd5 Qxd5 3. Nc3 Qa5 4. d4 c6 5. Be2 Nf6 6. Nf3 Bf5 7. O-O e6 8.
Bd3 Bxd3 9. Qxd3 Bd6 10. Ne4 Qc7 11. Nxd6+ Qxd6 12. Ne5 O-O 13. Bg5 Nbd7 14.
Bxf6 Nxf6 15. c4 Rad8 16. Nf3 c5 17. Rad1 cxd4 18. Qxd4 Qxd4 19. Rxd4 Rxd4 20.
Nxd4 Rd8 21. Nf3 Ne4 22. b3 Nd2 23. Nxd2 Rxd2 24. Ra1 Kf8 25. Kf1 Ke7 26. a3
Rb2 27. b4 Rc2 28. c5 Rc3 29. Ke2 Rc2+ 30. Ke3 f5 31. g3 g5 32. h4 gxh4 33.
gxh4 Rc4 34. f4 h6 35. Rd1 Re4+ 36. Kf3 Rc4 37. Ke3 Re4+ 1/2-1/2

[Event "XIII. DBMM 2013"]
[Site "?"]
[Date "2013.09.26"]
[Round "2.1"]
[White "Giel, Olaf"]
[Black "Behrendt, Clemens"]
[Result "1/2-1/2"]
[WhiteElo "2122"]
[BlackElo "2090"]
[PlyCount "53"]
[EventDate "2013.01.19"]

1. d4 Nf6 2. Nf3 g6 3. Nbd2 d5 4. e3 Bg7 5. Be2 O-O 6. b4 c6 7. Bb2 a5 8. a3
Qb6 9. O-O axb4 10. axb4 Rxa1 11. Qxa1 Re8 12. c4 dxc4 13. Nxc4 Qa6 14. Qd1 Qa2
15. Qd2 Na6 16. Ra1 Qb3 17. Ra3 Qxb4 18. Qd1 Nd5 19. e4 b5 20. Rb3 Qa4 21. Nce5
Nf4 22. Ra3 Qb4 23. Bc1 Nxe2+ 24. Qxe2 Qb1 25. Nd3 c5 26. Qd1 Bh6 27. Rb3
1/2-1/2

[Event "XIII. DBMM 2013"]
[Site "?"]
[Date "2013.09.26"]
[Round "2.2"]
[White "Liebersbach, Siegmund"]
[Black "Buhrdorf, Axel"]
[Result "0-1"]
[WhiteElo "1730"]
[BlackElo "1787"]
[PlyCount "90"]
[EventDate "2013.01.19"]

1. e4 e6 2. d4 d5 3. Nd2 Nd7 4. Bd3 dxe4 5. Nxe4 Ngf6 6. Bg5 Be7 7. f4 Nxe4 8.
Bxe7 Qxe7 9. Bxe4 Nf6 10. Bf3 Qb4+ 11. c3 Qxb2 12. Ne2 Qa3 13. O-O O-O 14. Qd2
Qd6 15. Nc1 Rb8 16. Nd3 b6 17. Ne5 Bb7 18. Bxb7 Rxb7 19. Qd3 c5 20. Rac1 cxd4
21. cxd4 Rc7 22. Rxc7 Qxc7 23. Qa3 Rc8 24. Rd1 Nd5 25. Qf3 Qc3 26. Qe4 Qe3+ 27.
Qxe3 Nxe3 28. Rd3 Nd5 29. Ra3 a5 30. g3 Rc3 31. Rb3 Rxb3 32. axb3 b5 33. Kf2 a4
34. bxa4 bxa4 35. Nc4 Kf8 36. Ke1 Ke7 37. Kd2 Kf6 38. Kc2 g5 39. fxg5+ Kxg5 40.
h3 f5 41. Ne5 f4 42. Nf3+ Kf5 43. g4+ Ke4 44. Ng5+ Ke3 45. h4 f3 0-1

[Event "XIII. DBMM 2013"]
[Site "?"]
[Date "2013.09.26"]
[Round "2.3"]
[White "Duckstein, Torsten"]
[Black "Uhlarz, Joerg"]
[Result "1-0"]
[WhiteElo "1944"]
[BlackElo "1753"]
[PlyCount "73"]
[EventDate "2013.01.19"]

1. e4 e5 2. d4 Qe7 3. d5 Nf6 4. Nc3 d6 5. h3 g6 6. Nf3 Bg7 7. Be3 O-O 8. Qd2
Ne8 9. g4 a5 10. O-O-O Na6 11. Bc4 b6 12. Rdg1 Nc5 13. Bh6 Ba6 14. Bxa6 Rxa6
15. Bxg7 Kxg7 16. h4 b5 17. Qe3 b4 18. Ne2 Nf6 19. Nd2 Qd7 20. f3 c6 21. dxc6
Rxc6 22. h5 Rfc8 23. hxg6 fxg6 24. Qh6+ Kg8 25. Kb1 Na4 26. Rc1 d5 27. g5 Nh5
28. exd5 Qxd5 29. Ne4 Qf7 30. N2g3 Nxg3 31. Nxg3 Rc3 32. Ne4 R8c6 33. bxc3 bxc3
34. Ka1 Rc7 35. Nf6+ Kh8 36. Rcd1 Rc8 37. Qxh7+ 1-0

[Event "XIII. DBMM 2013"]
[Site "?"]
[Date "2013.09.26"]
[Round "2.4"]
[White "Nitsch, Norbert"]
[Black "Brandt, Axel"]
[Result "0-1"]
[WhiteElo "1738"]
[BlackElo "1525"]
[PlyCount "70"]
[EventDate "2013.01.19"]

1. c4 c5 2. Nc3 e6 3. Nf3 d5 4. d4 Nc6 5. dxc5 Bxc5 6. e3 Nf6 7. a3 a6 8. b4
Be7 9. Qb3 d4 10. exd4 Nxd4 11. Nxd4 Qxd4 12. Be3 Qe5 13. Be2 O-O 14. O-O Bd6
15. g3 Qf5 16. Rad1 Be5 17. Kg2 Bxc3 18. Qxc3 e5 19. Rfe1 Qh3+ 20. Kg1 Ng4 21.
Bxg4 Bxg4 22. f3 Bxf3 23. Rd2 Rad8 24. Bc5 Rxd2 25. Qxd2 Re8 26. Rxe5 Rc8 27.
Qf2 Bc6 28. Qd2 Qg4 29. Rg5 Qe4 30. Kf1 Qxc4+ 31. Kg1 Qe4 32. Kf1 Qb1+ 33. Kf2
Qe4 34. Kf1 Re8 35. Bf2 Qg2# 0-1

[Event "XIII. DBMM 2013"]
[Site "?"]
[Date "2013.09.26"]
[Round "2.1"]
[White "Raum, Norbert"]
[Black "Seger, Ruediger"]
[Result "0-1"]
[WhiteElo "1835"]
[BlackElo "2393"]
[PlyCount "66"]
[EventDate "2013.01.19"]

1. d4 Nf6 2. Bf4 g6 3. e3 Bg7 4. Be2 O-O 5. c3 d6 6. Nd2 c5 7. Ngf3 Nc6 8. h3
cxd4 9. exd4 e5 10. dxe5 dxe5 11. Bg5 Qc7 12. Bxf6 Bxf6 13. Ne4 Be7 14. O-O Kg7
15. b4 Rd8 16. Qb3 Be6 17. Bc4 Na5 18. bxa5 Bxc4 19. Qa4 Bxf1 20. Rxf1 Rac8 21.
Qb3 Rd7 22. Rc1 h6 23. c4 f5 24. Ng3 e4 25. Nh2 Bc5 26. Ne2 Qe5 27. Nf1 b6 28.
a6 Rd3 29. Qb5 Rcd8 30. Qc6 f4 31. a4 f3 32. gxf3 Rxf3 33. Qb7+ Rf7 0-1

[Event "XIII. DBMM 2013"]
[Site "?"]
[Date "2013.09.26"]
[Round "2.2"]
[White "Gikas, Andreas Basilius"]
[Black "Hoffeins, Hans-Werner"]
[Result "1-0"]
[WhiteElo "2187"]
[BlackElo "1794"]
[PlyCount "23"]
[EventDate "2013.01.19"]

1. Nf3 d6 2. e4 e5 3. d4 Nd7 4. Bc4 h6 5. dxe5 dxe5 6. Bxf7+ Kxf7 7. Nxe5+ Kf6
8. Qd4 Ke6 9. Ng6 Ngf6 10. Qc4+ Kd6 11. Bf4+ Ne5 12. Nc3 1-0

[Event "XIII. DBMM 2013"]
[Site "?"]
[Date "2013.09.26"]
[Round "2.3"]
[White "Hein, Andrea"]
[Black "Dehmel, Jens"]
[Result "0-1"]
[WhiteElo "1449"]
[BlackElo "2091"]
[PlyCount "86"]
[EventDate "2013.01.19"]

1. d4 d5 2. c4 c6 3. Nf3 Nf6 4. Bg5 Ne4 5. Bf4 e6 6. a3 Bd6 7. Bxd6 Qxd6 8. e3
Nd7 9. Be2 O-O 10. Nbd2 f5 11. cxd5 exd5 12. O-O Ndf6 13. h3 Bd7 14. Ne5 Nxd2
15. Qxd2 Ne4 16. Qe1 Rae8 17. Rc1 f4 18. exf4 Rxf4 19. f3 Ng5 20. Qd2 Ne6 21.
Nxd7 Qxd7 22. Bd3 Rxd4 23. Qc2 g6 24. Rcd1 Nf4 25. Rf2 Qe7 26. Rfd2 Qe3+ 27.
Kh1 Nxd3 28. Rxd3 Rxd3 29. Qxd3 Qxd3 30. Rxd3 Re2 31. Rb3 b6 32. Kg1 Kf7 33.
Kf1 Rc2 34. g3 Ke6 35. f4 d4 36. Ke1 Kd5 37. Kd1 Rh2 38. h4 c5 39. Kc1 Rg2 40.
Rf3 Ke4 41. Rb3 d3 42. Kd1 Rxg3 43. Rc3 Ke3 0-1

[Event "XIII. DBMM 2013"]
[Site "?"]
[Date "2013.09.26"]
[Round "2.1"]
[White "Schulz, Michael"]
[Black "Hedden, Helge"]
[Result "1-0"]
[WhiteElo "2249"]
[BlackElo "2150"]
[PlyCount "75"]
[EventDate "2013.01.19"]

1. d4 Nf6 2. Bg5 d5 3. Bxf6 gxf6 4. e3 Qd6 5. Nc3 Be6 6. Qh5 Nc6 7. O-O-O O-O-O
8. Nge2 Na5 9. Nf4 Qd7 10. Be2 b6 11. Kb1 c6 12. g4 Qe8 13. h3 Bd7 14. Ba6+ Nb7
15. Qh4 Kb8 16. Rhe1 e6 17. Qxf6 Be7 18. Qe5+ Bd6 19. Qh5 c5 20. Bxb7 Kxb7 21.
dxc5 bxc5 22. Nd3 Qe7 23. e4 d4 24. e5 Bc7 25. Ne4 Bb6 26. Qxf7 Qf8 27. Qxf8
Rhxf8 28. Ndxc5+ Kb8 29. Rxd4 Bc8 30. Rxd8 Rxd8 31. Nd3 Rd4 32. f4 Ba5 33. Re2
Bb7 34. Ng5 Bd5 35. Nxh7 Be4 36. Ng5 Rxd3 37. cxd3 Bxd3+ 38. Rc2 1-0

[Event "XIII. DBMM 2013"]
[Site "?"]
[Date "2013.09.26"]
[Round "2.2"]
[White "Hein, Ralf"]
[Black "Jaehnisch, Frank"]
[Result "1/2-1/2"]
[WhiteElo "2073"]
[BlackElo "2220"]
[PlyCount "133"]
[EventDate "2013.01.19"]

1. c4 e5 2. e4 Nf6 3. Nc3 Bc5 4. Be2 d6 5. Nf3 Nc6 6. d3 h6 7. h3 Nd4 8. O-O
Bd7 9. a3 a5 10. Be3 Nxf3+ 11. Bxf3 Bxe3 12. fxe3 O-O 13. d4 c6 14. Ne2 Qb6 15.
Qd2 Rfe8 16. Ng3 Qb3 17. Rac1 Rad8 18. Rc3 Qb6 19. b3 Bc8 20. Kh2 Nh7 21. Bd1
Qc7 22. d5 c5 23. Rc2 Rf8 24. Qe1 b6 25. Rcf2 Qe7 26. Bh5 g6 27. Bf3 Qh4 28.
Rb2 Ng5 29. Nf5 Qxe1 30. Ne7+ Kg7 31. Rxe1 Bxh3 32. Nc6 Ra8 33. b4 axb4 34.
axb4 Bd7 35. bxc5 bxc5 36. Rb7 Bxc6 37. dxc6 Rfc8 38. Rb6 Rc7 39. Rd1 Rd8 40.
Ra1 h5 41. Raa6 Rdc8 42. Bd1 Kf6 43. Ba4 Nxe4 44. Rb7 Ng5 45. Raa7 Ne6 46. Bc2
Ke7 47. Be4 Kd8 48. Bd5 Rxb7 49. cxb7 Rb8 50. Kg3 Kc7 51. Kh4 Nd8 52. Kg5 Nc6
53. Ra1 Rxb7 54. Bxf7 Rb2 55. Rg1 Ne7 56. Bxg6 Nxg6 57. Kxg6 h4 58. Kg5 Rc2 59.
Kxh4 Rxc4+ 60. g4 Kd7 61. Kh5 Ke7 62. g5 Kf7 63. Rd1 Re4 64. Rxd6 Rxe3 65. g6+
Kg7 66. Rd7+ Kg8 67. Rc7 1/2-1/2

[Event "XIII. DBMM 2013"]
[Site "?"]
[Date "2013.09.26"]
[Round "2.3"]
[White "Gebert-Vangeel, Ralf"]
[Black "Kaliski, Achim"]
[Result "1-0"]
[WhiteElo "2059"]
[BlackElo "1958"]
[PlyCount "75"]
[EventDate "2013.01.19"]

1. e4 e5 2. Nf3 Nf6 3. Nxe5 d6 4. Nf3 Nxe4 5. c4 Be7 6. d4 Nc6 7. Bd3 d5 8. O-O
Nf6 9. Re1 O-O 10. Nc3 Bg4 11. cxd5 Nb4 12. Bg5 h6 13. Bxf6 Bxf6 14. Be4 Qd6
15. a3 Na6 16. b4 Nb8 17. Qd3 a6 18. Ne5 Bh5 19. Qh3 Bg6 20. Bxg6 fxg6 21. Nxg6
Rd8 22. Ne4 Qb6 23. Nxf6+ Qxf6 24. Ne7+ Kh8 25. Rad1 Nd7 26. Re6 Qf7 27. Nf5
Rf8 28. g4 Nf6 29. Re7 Qxd5 30. Rxg7 Nxg4 31. Rxg4 Qxf5 32. Qxh6+ Qh7 33. Qxh7+
Kxh7 34. Rd3 Rf6 35. Rh3+ Rh6 36. Rhg3 Rc6 37. d5 Rd6 38. Rg7+ 1-0

[Event "XIII. DBMM 2013"]
[Site "?"]
[Date "2013.09.26"]
[Round "2.4"]
[White "Groeppel, Peter"]
[Black "Rath, Alina"]
[Result "1/2-1/2"]
[WhiteElo "1934"]
[BlackElo "1998"]
[PlyCount "101"]
[EventDate "2013.01.19"]

1. d4 d5 2. c4 c6 3. Nf3 Nf6 4. Nc3 e6 5. Qc2 Bd6 6. Bg5 Nbd7 7. e3 h6 8. Bh4
a6 9. Be2 O-O 10. O-O dxc4 11. Bxc4 e5 12. Ne4 Be7 13. Nxf6+ Bxf6 14. Bxf6 Qxf6
15. a4 exd4 16. Nxd4 Ne5 17. Ba2 Rd8 18. Bb1 Bg4 19. h3 Bd7 20. a5 Ng6 21. Ra3
Rac8 22. Rc3 Qg5 23. Rc5 Qe7 24. Nf3 Be6 25. h4 Rd5 26. Rxd5 cxd5 27. Qd3 Qb4
28. Nd4 Bd7 29. h5 Nf8 30. Qe2 Qxa5 31. Bf5 Qd8 32. Qg4 Kh8 33. Bxd7 Qxd7 34.
Nf5 f6 35. Rd1 Rc7 36. e4 Ne6 37. Rxd5 Rc1+ 38. Kh2 Qc7+ 39. g3 Ng5 40. Nxg7
Qb6 41. Qf5 Kxg7 42. Qg6+ Kf8 43. Rf5 Rc6 44. Qxh6+ Ke7 45. e5 Nf7 46. Qg7 Re6
47. exf6+ Rxf6 48. Re5+ Kd7 49. Qg4+ Kd6 50. Rf5 Rxf5 51. Qxf5 1/2-1/2

[Event "XIII. DBMM 2013"]
[Site "?"]
[Date "2013.09.26"]
[Round "2.1"]
[White "Segerberg, Tomas"]
[Black "Lotzien, Hans"]
[Result "1/2-1/2"]
[WhiteElo "1996"]
[BlackElo "2152"]
[PlyCount "48"]
[EventDate "2013.01.19"]

1. c4 e5 2. Nc3 Nc6 3. Nf3 d6 4. d4 exd4 5. Nxd4 Be7 6. e4 Nxd4 7. Qxd4 Bf6 8.
Qd3 Ne7 9. Be2 Be6 10. Be3 Nc6 11. Qd2 Bxc3 12. Qxc3 Qf6 13. Rc1 Qxc3+ 14. Rxc3
b6 15. O-O O-O 16. b3 Bd7 17. Rd1 Rad8 18. Bd3 Rfe8 19. Bb1 Bc8 20. f3 Rd7 21.
Kf2 Rde7 22. g4 a5 23. a3 Bb7 24. h4 Ba6 1/2-1/2

[Event "XIII. DBMM 2013"]
[Site "?"]
[Date "2013.09.26"]
[Round "2.2"]
[White "Hemmann, Arnold"]
[Black "Lichtenstern, Elmar"]
[Result "1/2-1/2"]
[WhiteElo "2153"]
[BlackElo "2127"]
[PlyCount "117"]
[EventDate "2013.01.19"]

1. e4 e6 2. d4 d5 3. exd5 exd5 4. Nc3 c6 5. Bd3 Bd6 6. Qf3 Qf6 7. Be3 Be6 8. h3
Nd7 9. O-O-O O-O-O 10. Qxf6 Ndxf6 11. Nf3 h6 12. Rhe1 Ne7 13. Ne5 Nd7 14. Nxd7
Kxd7 15. Ne2 Nf5 16. Bxf5 Bxf5 17. Bf4 Be7 18. Ng3 Bg6 19. Be3 Bh4 20. Bf4 Rde8
21. Kd2 Bd8 22. c3 h5 23. Rxe8 Rxe8 24. Re1 Rxe1 25. Kxe1 h4 26. Nf1 Be4 27. f3
Bb1 28. a3 g5 29. Bb8 b6 30. Ne3 a5 31. Kd2 Bg6 32. Ng4 f6 33. Ke3 Ke6 34. Nf2
c5 35. Nd1 Bc2 36. Nf2 cxd4+ 37. cxd4 Bb3 38. Nd3 Bc4 39. Nc1 f5 40. Be5 f4+
41. Kf2 Kd7 42. b3 Ba6 43. Ne2 Bd3 44. Nc1 Bc2 45. Ke2 Be7 46. Kd2 Bb1 47. a4
Bb4+ 48. Ke2 Be7 49. Kd2 Kc6 50. Nd3 b5 51. Kc3 bxa4 52. bxa4 Ba2 53. Bg7 Kd7
54. Be5 Bc4 55. Kd2 Bb4+ 56. Nxb4 axb4 57. Bf6 Bf1 58. Bxg5 Bxg2 59. Bxf4
1/2-1/2